| 000 | 01072nam0a2200289 4500 | ||
|---|---|---|---|
| 001 | RU\NLR\bibl\1743573 | ||
| 005 | 20260405215549.0 | ||
| 010 |
_a5-278-00416-9 _950000 |
||
| 035 | _a(NLR Aleph) 001734479 | ||
| 090 |
_a1420310 _c1420310 |
||
| 100 | _a20110304d1990 |||y0rusy50 ca | ||
| 101 | 0 | _arus | |
| 102 | _aRU | ||
| 105 | _aa ||||||||| | ||
| 200 | 1 |
_aАйкидо _e[методическое пособие] _fВ. Матвеев |
|
| 210 |
_aМосква _cИнтерконтакт [и др.] _d1990 |
||
| 215 |
_a62, [2] с. _cил. _d20 |
||
| 320 | _aБиблиогр. в конце кн. | ||
| 606 | 1 |
_aАйкидо _jМетодические пособия _9921051 _3RU\NLR\auth\6618735 |
|
| 686 | _aЦ4,8(5Я)361.12я8 | ||
| 686 | _aЧ517.158я8 | ||
| 700 | 1 |
_4070 _8rus _7ca _aМатвеев _bВ. А. _cканд. физ.-мат. наук, тренер по айкидо _gВячеслав Александрович _3RU\NLR\auth\7798075 _981001 |
|
| 801 | 0 |
_aRU _bNLR _c20110304 _gRCR |
|
| 801 | 1 |
_aRU _bNLR _c20110304 |
|
| 942 | _cBOOK | ||
| 980 | _aNB | ||